000 00723nam a2200241 i 4500
001 105009
003 ES-MaACL
005 20250819051317.0
007 t|
008 060605s1996 fr ||||1| fre d
020 _a2-7056-6278-2
080 _a81'276.6:5/6
100 1 _aEtiemble, René.
_9182776
245 1 0 _aAu secours, Athéna !
_b: le jargon des sciences /
_cEtiemble.
260 _aParis :
_bHermann,
_c[1996]
300 _a129 p. ;
_c21 cm.
490 1 _aCollection savoir : lettres
500 _aBiblioteca Jacinto Martínez Lacalle.
650 1 4 _aCiencias-
_xLenguaje
_910977
830 0 _aCollection savoir : lettres
_9232675
852 _aES-MaACL
_jE-11253
_bR.139203
999 _c105009
_d105009